Сводка № 2 начальника командного пункта Ефимова по охране Красной площади 7 ноября 1941 г.

RUSMARC
00004363cbm0a2200289#x 450
001a610388c-e784-45fb-b920-693b4d3568a3
00520221110121146.0
100##$a20221027j19411107k###0rusy50 ca
1010#$arus
102##$aRU
105##$ay####z#######
1220#$ad19411107##
2001#$aСводка № 2 начальника командного пункта Ефимова по охране Красной площади 7 ноября 1941 г.
$j7 ноября 1941 г.
251##$cДокумент
300##$aКопия
461#0$12001
$aФ. 3
$1251
$cФонд
$1852
$j3
462#0$12001
$aОп. 8
$1251
$cОпись
$1852
$j8
462#0$12001
$aД. 974
$vЛ. 2
$1251
$cДело
$1852
$j974
60101$2nlr_sh
$3RU\NLR\AUTH\661383067
$aСССР
$bНародный комиссариат внутренних дел
$xИстория
$z1941 - 1945
$jАрхивные дела
605##$2prlib_sh
$3LIBNET\UAF\0000088514
$aВторая мировая война в архивных документах (Комплекс оцифрованных архивных документов, кино- и фотоматериалов)
$lколлекция
6061#$2nlr_sh
$3RU\NLR\AUTH\661398676
$aВеликая Отечественная война
$z1941 - 1945
$xПервый период
$jАрхивные дела
686##$a63.3(2)622,11ю1
$vLBC/M
$2rubbk
801#0$aRU
$bТюменская ОНБ
$c20221027
801#1$aRU
$bТюменская ОНБ
$c20221027
$2rusmarc
801#2$aRU
$bПБ им. Б.Н. Ельцина
$c20221110
$2rusmarc
850##$aЦентральный архив Федеральной службы безопасности России
852##$aЦА ФСБ России
$jЛ. 2
035##$aLIBNET\0001281906
937##$d180495865
$hФедеральное архивное агентство
8564#$uhttp://readingroom.main.prlib.ru/item.aspx?id_node=n180495865&mode=full
Формат отображения